000 01242 a2200301 4500
003 OSt
005 20180116192340.0
008 120524t xxu||||| |||| 00| 0 eng d
010 _a 2008022153
020 _a9780824831141 (hard cover : alk. paper)
020 _a0824831144 (hard cover : alk. paper)
035 _a(OCoLC)ocn228701355
035 _a(OCoLC)228701355
040 _c0
082 0 0 _a294.3435
100 1 _aMcCallum, Donald F.
_92091
245 1 4 _aThe four great temples :
_bBuddhist archaeology, architecture, and icons of seventh-century Japan /
_cDonald F. McCallum.
260 _aHonolulu :
_bUniversity of Hawaiʻi Press,
_cc2009.
300 _axvii, 328 p. :
_bill., maps ;
_c25 cm.
505 0 _aAsukadera -- Kudara Ōdera -- Kawaradera -- Yakushiji.
650 0 _aBuddhist antiquities
_zJapan
_zAsuka-mura Region.
_92092
650 0 _aBuddhist temples
_zJapan
_zAsuka-mura Region.
_92093
650 0 _aBuddhism
_zJapan
_xHistory
_yTo 794.
_92094
651 0 _aAsuka-mura Region (Japan)
_xAntiquities.
_92095
856 4 1 _3Table of contents only
_uhttp://www.loc.gov/catdir/toc/ecip0819/2008022153.html
942 _aSADA
_cBK
_k294.3435 MCG 2009
_2ddc
999 _c352622
_d352622